000 01171nam a22002537a 4500
999 _c4483
_d4483
003 OSt
005 20250225094300.0
008 250225b ||||| |||| 00| 0 eng d
040 _cKH8
082 _aFIC CHA
100 _aChase, Max,
_eauthor.
245 _aStar Fighters:
_bPirate Ambush /
_cMax Chase.
260 _aLondon ;
_bBloomsbury Publishing ,
_c2012.
300 _a113 pages :
_billustrations ;
_c20 cm.
490 _aStar Fighters
_vbook 7
520 _aHaving returned from their last mission unscathed, Peri, Diesel and the crew finally earn their STAR FIGHTER badges. Now as fully fledged pilots they are given their first real mission. When the Intergalactic Force Space Station was destroyed by the Xions, a notorious space pirate, Jaxx, escaped. Their new mission is to capture and return Jaxx so that he can stand trial. But known space is vast and Peri and Diesel must use all their cunning to locate the wily pirate.
650 _aFiction
_vfighter
650 _aFiction
_vfantasy
650 _aFiction
_vadventure
650 _aFiction
_vfantasy adventure
700 _aHadley, Sam,
_eillustrator.
830 _aStar Fighters
942 _2ddc
_cER